Dalla storia di Roma alle origini della società civile. Un dibattito ottocentesco.
Αποθηκεύτηκε σε:
| Κύριος συγγραφέας: | |
|---|---|
| Μορφή: | Βιβλίο |
| Έκδοση: |
Bologna, Italia:
il Mulino,
2008.
|
| Σειρά: | Ricerca
|
| Θέματα: | |
| Ετικέτες: |
Προσθήκη ετικέτας
Δεν υπάρχουν, Καταχωρήστε ετικέτα πρώτοι!
|
MARC
| LEADER | 00000nam a22000007a 4500 | ||
|---|---|---|---|
| 003 | CL-VaPUC | ||
| 005 | 20220822114751.0 | ||
| 008 | 220801t2008 ||||| |||| 00| 0 eng d | ||
| 999 | |c 437790 |d 437788 | ||
| 020 | |a 978-88-15-12130-1 | ||
| 040 | |c Pontificia Universidad Católica de Valparaíso | ||
| 082 | 7 | |a 937.072 CAP 2008 |2 22 | |
| 100 | 1 | |a Capogrossi Colognesi, Luigi |e autore |9 874431 | |
| 245 | |a Dalla storia di Roma alle origini della società civile. |b Un dibattito ottocentesco. | ||
| 260 | |a Bologna, Italia: |b il Mulino, |c 2008. | ||
| 300 | |a 296 páginas. | ||
| 490 | |a Ricerca | ||
| 500 | |a c.1 Donación Familia Prof. Alejandro Guzmán Brito. | ||
| 583 | |c 20220801 |k Catalogador Asistente | ||
| 650 | |a Derecho romano |x Interpretación |y Siglo 19 |9 874526 | ||
| 651 | |a Roma antigua |x Historiografía |y Siglo 19 |9 874527 | ||
| 942 | |2 ddc |c BK |n 0 | ||
| 952 | |0 0 |1 0 |2 ddc |4 0 |6 937_072000000000000_CAP_2008 |7 1 |8 C_AGB |9 585606 |a BIBDER |b BIBDER |d 2022-08-01 |e Donación |i 5653671 |o 937.072 CAP 2008 |p 5653671 |r 2023-01-25 |t 1 |w 2022-08-01 |y BK_US |k AGB | ||